000 00790nam a22002657a 4500
003 CHAP
005 20220329135816.0
008 971013s r 00010 d
010 _a42583
011 _a43555
035 _a47691
040 _cCHAP
090 _aFolleto 8875
110 _aMéxico. Dirección General de Sanidad Animal
_977044
245 _aBrucelosis
_b: manejo y aplicación de la vacuna cepa 19
260 _aMéxico, D.F. :
_bLa Dirección,
_c(198-?)
300 _aHoja desplegable
_b: ilus
590 _aBATCH-UPD
_b10
_c20130110
_lUCH01
_h1404
590 _aCONVERSION
_b10
_c20130109
_lUCH01
_h1323
650 1 4 _aBrucelosis.
_915734
650 1 4 _aVacunas.
_9117179
901 _aBK
942 _cFOLL
949 _aFolleto 8875
_bBC
_cFOLL
_d-108284
_eTS1
_i47691
_mD
_si
999 _c42583
_d42583